Detalles MARC
| 000 -ENCABEZADO |
| Número de control [NR] |
01833nam a2200289Ia 4500 |
| 008 - DE LONGITUD FIJA DE DATOS DE ELEMENTOS - INFORMACIÓN GENERAL |
| Elementos de longitud fija [NR] |
130821s1983 xxua gs mul |
| 040 ## - FUENTE DE CATALOGACION [NR] |
| Agencia de catalogación original [NR] |
Co-BoUCM |
| Idioma de catalogación [NR] |
spa |
| 041 00 - CODIGO DE IDIOMA [R] |
| Código de idioma para texto/pista de sonido o título separado [R] |
|
| 092 ## - SIGNATURA TOPOGRAFICA LOCAL |
| Número de clasificación local |
DVD 0554 |
| 245 00 - MENCION DE TITULO [NR] |
| Título [NR] |
Bajo el fuego |
| Mención de responsabilidad, etc. [NR] |
[DVD] |
| -- |
[dirigida por] Roger Spottiswoode |
| 260 ## - PUBLICACION, DISTRIBUCION, ETC. (PIE DE IMPRENTA) [R] |
| Lugar de publicación, distribución, etc. [R] |
Washington D.C. (Estados Unidos) |
| Nombre del editor, distribuidor, etc. [R] |
Metro-Goldwyn-Mayer |
| Fecha de publicación, distribución, etc. [R] |
1983 |
| 300 ## - DESCRIPCION FISICA [R] |
| Extensión [R] |
1 DVD |
| Otros detalles físicos [NR] |
son., color |
| 500 ## - NOTA GENERAL [R] |
| Nota general [NR] |
SINOPSIS : Ambientada en Centroamérica en los años ochenta, narra la historia de tres periodistas americanos que se dirigen a Nicaragua, donde la guerrilla sandinista dirigida por Rafael amenaza el poder del dictador Somoza, que recibe ayuda de la CIA. Russell Price (Nick Nolte), un fotógrafo periodista, es presionado por la reportera de radio Claire (Joanna Cassidy) para que se involucre en la revolución sandinista, hecho en el que también se ve envuelto otro colega de profesión (Gene Hackman). |
| 508 ## - NOTA DE CREDITOS DE CREACION/PRODUCCION [R] |
| Nota de créditos de creación/producción [NR] |
Director, Roger Spottiswoode ; guión, Ron Shelton & Clayton Frohman ; música, Jerry Goldsmith ; fotografía, John Alcott. |
| 511 ## - NOTA DE PARTICIPANTE O INTERPRETE [R] |
| Nota de participante o intérprete [NR] |
Nick Nolte, Gene Hackman, Joanna Cassidy, Jean-Louis Trintignant, Richard Masur, Ed Harris, Martin Lasalle, Holly Palance, Hamilton Camp. |
| 546 ## - NOTA DE IDIOMA [R] |
| Nota de idioma [NR] |
Audio en Castellano, Inglés, Francés, Alemán e Italiano. Subtítulos en Castellano, Francés, Italiano y Holandés. |
| 650 04 - ASIENTO SECUNDARIO DE MATERIA - TERMINO TEMATICO [R] |
| Término temático o nombre geográfico como elemento de entrada [NR] |
Conflicto armado |
| Subdivisión geográfica [R] |
Nicaragua |
| Subdivisión de forma [R] |
DVD |
| 9 (RLIN) |
11564 |
| 650 04 - ASIENTO SECUNDARIO DE MATERIA - TERMINO TEMATICO [R] |
| Término temático o nombre geográfico como elemento de entrada [NR] |
Entretenimiento |
| 9 (RLIN) |
26487 |
| 650 04 - ASIENTO SECUNDARIO DE MATERIA - TERMINO TEMATICO [R] |
| Término temático o nombre geográfico como elemento de entrada [NR] |
Películas cinematográficas |
| Subdivisión geográfica [R] |
Estados Unidos |
| Subdivisión de forma [R] |
DVD |
| 9 (RLIN) |
7903 |
| 650 04 - ASIENTO SECUNDARIO DE MATERIA - TERMINO TEMATICO [R] |
| Término temático o nombre geográfico como elemento de entrada [NR] |
Periodismo |
| 9 (RLIN) |
7909 |
| 650 04 - ASIENTO SECUNDARIO DE MATERIA - TERMINO TEMATICO [R] |
| Término temático o nombre geográfico como elemento de entrada [NR] |
Periodistas en el cine |
| Subdivisión de forma [R] |
DVD |
| 9 (RLIN) |
21369 |
| 700 1# - ASIENTO SECUNDARIO - NOMBRE PERSONAL [R] |
| Nombre personal [NR] |
Spottiswoode, Roger |
| Término de relación [R] |
|
| 710 2# - ASIENTO SECUNDARIO - NOMBRE CORPORATIVO [R] |
| Nombre corporativo o de jurisdicción como elemento de entrada [NR] |
Metro-Goldwyn-Mayer |
| 765 ## - ASIENTO DE IDIOMA ORIGINAL [R] |
| Título [NR] |
Under fire |
| 856 04 - LOCALIZACION Y ACCESO ELECTRONICOS [R] |
| Identificador Uniforme del Recurso (“URI”) [R] |
<a href="http://www.youtube.com/watch?v=IgsCN4-EP0Y">http://www.youtube.com/watch?v=IgsCN4-EP0Y</a> |
| Nota dirigida al público [R] |
Siga este vínculo para ver el trailer. |
| 942 ## - ELEMENTOS DE ENTRADA AGREGADOS (KOHA) |
| Tipo de ítem principal el descrito en 300a |
Multimedia |
| Sistema de clasificación |
LOCAL |
| Tema principal |
Comunicación |
| Edición |
1 |